000 01293cad a22002415a 4500
001 E147082
008 090330e20090225xxk f 000 0 eng d
035 _a(Sirsi) u147082
041 0 _aeng
050 0 4 _a650 $2 18
100 1 _ade Larosiere, Jacques
245 0 4 _aThe high-level group of financial supervision in the EU
_breport
_h[electronic resource]
260 _aBrussels
_bs.n.
_c2009
505 2 _aAvant-propos -- Disclaimer -- Introduction -- Chapter I: causes of the financial crisis -- Chapter II: policy and regulatory repair -- Chapter III: EU supervisory repair -- Chapter IV: global repair -- Annexes
520 _aFollowing the recent financial crisis, this report proposes a new framework for the European Union, in terms of regulatory reform, stronger coordinated supervision and more effective crisis management procedures, to ensure that the same situation does not arise again. The report includes recommendations for valuation methodology of asset valuation.
521 _aAdvanced
590 _aKA
650 2 4 _aDE LAROSIERE REPORT
651 4 _aEurope
690 _aMANAGEMENT-BUSINESS MANAGEMENT-FINANCIAL MANAGEMENT
856 4 0 _uhttps://ec.europa.eu/news/economy/090225_1_en.htm
_zView the report free of charge at http://ec.europa.eu...
942 _n0
999 _c109439
_d109439